[Event "HUN-chT 9394"]
[Site "Hungary"]
[Date "1994.??.??"]
[Round "?"]
[White "Deak, Sandor"]
[Black "Adorjan, Andras"]
[Result "0-1"]
[WhiteElo "2320"]
[BlackElo "2565"]
[PlyCount "83"]
[EventDate "1993.??.??"]
[EventType "team"]
[EventRounds "13"]
[EventCountry "HUN"]
[Source "ChessBase"]
[SourceDate "1994.03.01"]
[WhiteTeamCountry "RUS"]
[BlackTeamCountry "HUN"]

1. d4 Nf6 2. Nf3 c5 3. d5 b5 4. a4 b4 5. c4 g6 6. b3 Bg7 7. Bb2 O-O 8. g3 e6 9.
dxe6 dxe6 10. Nbd2 Bb7 11. Qc2 Nc6 12. e3 Qe7 13. Bg2 Rfd8 14. O-O Rd7 15. Ne5
Nxe5 16. Bxe5 Rad8 17. Rad1 Bxg2 18. Kxg2 Rd3 19. Ne4 Rxd1 20. Bxf6 Bxf6 21.
Rxd1 Rxd1 22. Qxd1 Be5 23. f4 Bg7 24. g4 h6 25. Qf3 Kh7 26. Nf2 Bf6 27. Qc6 Bg7
28. Ne4 Bf8 29. a5 Kg8 30. a6 Qd8 31. Qb7 Qe7 32. g5 e5 33. Nf6+ Kg7 34. Qxe7
Bxe7 35. Ne8+ Kf8 36. Nc7 hxg5 37. Nb5 Ke8 38. Nxa7 Kd7 39. Nb5 Kc6 40. fxe5 f5
41. exf6 Bxf6 42. Kf3 0-1

[Event "HUN-chT 9394"]
[Site "Hungary"]
[Date "1994.??.??"]
[Round "?"]
[White "Szuk, Balazs"]
[Black "Adorjan, Andras"]
[Result "1/2-1/2"]
[WhiteElo "2370"]
[BlackElo "2565"]
[PlyCount "85"]
[EventDate "1993.??.??"]
[EventType "team"]
[EventRounds "13"]
[EventCountry "HUN"]
[Source "ChessBase"]
[SourceDate "1994.03.01"]
[WhiteTeamCountry "RUS"]
[BlackTeamCountry "HUN"]

1. e4 c5 2. Nf3 e6 3. d4 cxd4 4. Nxd4 Nf6 5. Nc3 d6 6. g4 h6 7. h4 Nc6 8. Rg1
h5 9. gxh5 Nxh5 10. Bg5 Nf6 11. Rg3 Qa5 12. Bxf6 gxf6 13. Ndb5 Rxh4 14. Rg8
Rxe4+ 15. Be2 d5 16. Nd6+ Ke7 17. Ndxe4 dxe4 18. Qd2 Qd8 19. Qxd8+ Nxd8 20.
O-O-O Bh6+ 21. Kb1 Bd7 22. Nxe4 f5 23. Nd6 Bc6 24. Nxf7 Kxf7 25. Rgxd8 Rxd8 26.
Rxd8 Bg5 27. Ra8 a6 28. Rc8 a5 29. Rh8 Kg6 30. Rh3 e5 31. c3 Bd8 32. Kc2 Bb6
33. Rh2 e4 34. Kd2 f4 35. Ke1 f3 36. Bc4 Kg5 37. b4 axb4 38. cxb4 e3 39. fxe3
Bxe3 40. b5 Be4 41. a4 b6 42. Bf1 Kf4 43. Rh4+ 1/2-1/2

[Event "HUN-chT 9394"]
[Site "Hungary"]
[Date "1994.??.??"]
[Round "?"]
[White "Varga, Zoltan"]
[Black "Adorjan, Andras"]
[Result "1/2-1/2"]
[WhiteElo "2290"]
[BlackElo "2565"]
[PlyCount "40"]
[EventDate "1993.??.??"]
[EventType "team"]
[EventRounds "13"]
[EventCountry "HUN"]
[Source "ChessBase"]
[SourceDate "1994.03.01"]
[WhiteTeamCountry "RUS"]
[BlackTeamCountry "HUN"]

1. d4 Nf6 2. c4 g6 3. f3 c5 4. d5 b5 5. e4 d6 6. cxb5 a6 7. Nc3 Bg7 8. a4 O-O
9. Nge2 Nbd7 10. Nf4 axb5 11. Nxb5 Ne8 12. Be2 Nc7 13. Rb1 Ba6 14. O-O Qb8 15.
Nxc7 Qxc7 16. Bd2 Bxe2 17. Nxe2 c4 18. Kh1 Nc5 19. Bc3 Nd3 20. Bxg7 Kxg7
1/2-1/2

[Event "Budapest zt-A"]
[Site "Budapest"]
[Date "1993.??.??"]
[Round "1"]
[White "Adorjan, Andras"]
[Black "Suba, Mihai"]
[Result "1/2-1/2"]
[WhiteElo "2545"]
[BlackElo "2520"]
[PlyCount "53"]
[EventDate "1993.03.??"]
[EventType "tourn"]
[EventRounds "11"]
[EventCountry "HUN"]
[EventCategory "11"]
[Source "ChessBase"]
[SourceDate "1993.06.01"]
[WhiteTeamCountry "RUS"]
[BlackTeamCountry "HUN"]

1. Nf3 c5 2. c4 e6 3. g3 b6 4. Bg2 Bb7 5. O-O Nf6 6. Nc3 a6 7. d4 cxd4 8. Qxd4
d6 9. Ng5 Bxg2 10. Kxg2 Nc6 11. Qf4 Be7 12. Nce4 O-O 13. Nxf6+ Bxf6 14. Nxh7
Kxh7 15. Qe4+ Kg8 16. Qxc6 Rc8 17. Qe4 Qc7 18. Rd1 Qxc4 19. Qxc4 Rxc4 20. Rxd6
b5 21. Rxa6 Rc2 22. Kf3 Rd8 23. Be3 Bxb2 24. Rb1 b4 25. h4 e5 26. g4 Re8 27.
Rd1 1/2-1/2

[Event "Budapest zt-A"]
[Site "Budapest"]
[Date "1993.??.??"]
[Round "6"]
[White "Adorjan, Andras"]
[Black "Rasik, Vitezslav"]
[Result "1/2-1/2"]
[WhiteElo "2545"]
[BlackElo "2405"]
[PlyCount "40"]
[EventDate "1993.03.??"]
[EventType "tourn"]
[EventRounds "11"]
[EventCountry "HUN"]
[EventCategory "11"]
[Source "ChessBase"]
[SourceDate "1993.06.01"]
[WhiteTeamCountry "RUS"]
[BlackTeamCountry "HUN"]

1. Nf3 Nf6 2. c4 g6 3. d4 Bg7 4. g3 O-O 5. Bg2 d6 6. O-O Nc6 7. Nc3 Bf5 8. b3
Ne4 9. Bb2 Nxc3 10. Bxc3 Be4 11. Rc1 d5 12. e3 Qd7 13. Qe2 Rad8 14. h3 h6 15.
Rfd1 e6 16. Ba1 Qe7 17. cxd5 exd5 18. Qb5 Rd6 19. Bb2 a6 20. Qa4 Qe6 1/2-1/2

[Event "Budapest zt-A"]
[Site "Budapest"]
[Date "1993.??.??"]
[Round "7"]
[White "Sax, Gyula"]
[Black "Adorjan, Andras"]
[Result "1/2-1/2"]
[WhiteElo "2570"]
[BlackElo "2545"]
[PlyCount "24"]
[EventDate "1993.03.??"]
[EventType "tourn"]
[EventRounds "11"]
[EventCountry "HUN"]
[EventCategory "11"]
[Source "ChessBase"]
[SourceDate "1993.06.01"]
[WhiteTeamCountry "RUS"]
[BlackTeamCountry "HUN"]

1. e4 c6 2. d4 d5 3. e5 Bf5 4. Nc3 e6 5. g4 Bg6 6. Nge2 c5 7. h4 f6 8. exf6
Nxf6 9. Nf4 cxd4 10. Qxd4 Nc6 11. Qe3 e5 12. Nxg6 hxg6 1/2-1/2

[Event "Budapest zt-A"]
[Site "Budapest"]
[Date "1993.??.??"]
[Round "8"]
[White "Adorjan, Andras"]
[Black "Cosma, Ioan"]
[Result "1-0"]
[WhiteElo "2545"]
[BlackElo "2365"]
[PlyCount "65"]
[EventDate "1993.03.??"]
[EventType "tourn"]
[EventRounds "11"]
[EventCountry "HUN"]
[EventCategory "11"]
[Source "ChessBase"]
[SourceDate "1993.06.01"]
[WhiteTeamCountry "RUS"]
[BlackTeamCountry "HUN"]

1. Nf3 Nf6 2. d4 g6 3. c4 Bg7 4. g3 O-O 5. Bg2 d6 6. Nc3 Nbd7 7. O-O e5 8. h3
Re8 9. e4 exd4 10. Nxd4 Nc5 11. Re1 Bd7 12. Nb3 Nxb3 13. axb3 Qc8 14. g4 h5 15.
f3 a5 16. Be3 Be6 17. Nb5 Ra6 18. Bd4 hxg4 19. hxg4 Rd8 20. Bc3 a4 21. Nd4 axb3
22. Rxa6 bxa6 23. Qxb3 Bd7 24. Ne2 Bc6 25. Bd4 Ba8 26. Qc3 Ne8 27. Nf4 Bxd4+
28. Qxd4 Qb8 29. Ra1 c5 30. Qc3 Qb6 31. Kf2 Rb8 32. Nd3 Nc7 33. Rh1 1-0

[Event "Budapest zt-A"]
[Site "Budapest"]
[Date "1993.??.??"]
[Round "10"]
[White "Adorjan, Andras"]
[Black "Kolev, Atanas"]
[Result "1/2-1/2"]
[WhiteElo "2545"]
[BlackElo "2510"]
[PlyCount "31"]
[EventDate "1993.03.??"]
[EventType "tourn"]
[EventRounds "11"]
[EventCountry "HUN"]
[EventCategory "11"]
[Source "ChessBase"]
[SourceDate "1993.06.01"]
[WhiteTeamCountry "RUS"]
[BlackTeamCountry "HUN"]

1. c4 f5 2. g3 Nf6 3. Bg2 g6 4. Nc3 Bg7 5. d3 O-O 6. e4 e5 7. Nge2 d6 8. O-O c6
9. exf5 gxf5 10. Bg5 Na6 11. Qd2 Qc7 12. d4 Qf7 13. b3 Qg6 14. Rae1 Nc7 15. Bh4
Ng4 16. h3 1/2-1/2

[Event "HUN-ch"]
[Site "Hungary"]
[Date "1993.??.??"]
[Round "2"]
[White "Varga, Zoltan"]
[Black "Adorjan, Andras"]
[Result "0-1"]
[WhiteElo "2475"]
[BlackElo "2545"]
[PlyCount "80"]
[EventDate "1993.10.??"]
[EventType "tourn"]
[EventRounds "11"]
[EventCountry "HUN"]
[EventCategory "11"]
[Source "ChessBase"]
[SourceDate "1994.03.01"]
[WhiteTeamCountry "RUS"]
[BlackTeamCountry "HUN"]

1. d4 Nf6 2. c4 e6 3. Nc3 Bb4 4. e3 c5 5. Nge2 cxd4 6. exd4 O-O 7. a3 Be7 8.
Nf4 d5 9. cxd5 Nxd5 10. Ncxd5 exd5 11. Be2 Bg5 12. O-O Nc6 13. Bf3 Bxf4 14.
Bxf4 Be6 15. b4 Qb6 16. Be3 a5 17. b5 Ne7 18. Qb3 Rfc8 19. Rac1 Qd8 20. b6 h6
21. Bf4 Nf5 22. Qb2 Nd6 23. Be2 Nc4 24. Bxc4 dxc4 25. Bc7 Qd7 26. Rfe1 Bd5 27.
f3 Re8 28. Kf2 Qa4 29. Rxe8+ Rxe8 30. Re1 Rxe1 31. Kxe1 Qb3 32. Qxb3 cxb3 33.
Kd2 g5 34. Bg3 a4 35. Be1 f5 36. h4 f4 37. hxg5 hxg5 38. Kc1 Kf7 39. Bc3 Ke6
40. Kd2 Kf5 0-1

[Event "HUN-ch"]
[Site "Hungary"]
[Date "1993.??.??"]
[Round "4"]
[White "Farago, Ivan"]
[Black "Adorjan, Andras"]
[Result "1/2-1/2"]
[WhiteElo "2540"]
[BlackElo "2545"]
[PlyCount "31"]
[EventDate "1993.10.??"]
[EventType "tourn"]
[EventRounds "11"]
[EventCountry "HUN"]
[EventCategory "11"]
[Source "ChessBase"]
[SourceDate "1994.03.01"]
[WhiteTeamCountry "RUS"]
[BlackTeamCountry "HUN"]

1. d4 Nf6 2. c4 g6 3. Nc3 d5 4. Bf4 Bg7 5. e3 c5 6. dxc5 Qa5 7. cxd5 Nxd5 8.
Qxd5 Bxc3+ 9. bxc3 Qxc3+ 10. Ke2 Qxa1 11. Be5 Qc1 12. Bxh8 Be6 13. Qxb7 Qc2+
14. Kf3 Qf5+ 15. Ke2 Qc2+ 16. Kf3 1/2-1/2

[Event "HUN-ch"]
[Site "Hungary"]
[Date "1993.??.??"]
[Round "5"]
[White "Adorjan, Andras"]
[Black "Groszpeter, Attila"]
[Result "1/2-1/2"]
[WhiteElo "2545"]
[BlackElo "2515"]
[PlyCount "60"]
[EventDate "1993.10.??"]
[EventType "tourn"]
[EventRounds "11"]
[EventCountry "HUN"]
[EventCategory "11"]
[Source "ChessBase"]
[SourceDate "1994.03.01"]
[WhiteTeamCountry "RUS"]
[BlackTeamCountry "HUN"]

1. Nf3 Nf6 2. c4 g6 3. d4 Bg7 4. g3 O-O 5. Bg2 d6 6. O-O Nbd7 7. Nc3 e5 8. h3
c6 9. e4 Re8 10. Be3 exd4 11. Nxd4 Nc5 12. Qc2 Qe7 13. Rfe1 Bd7 14. f3 Nh5 15.
Kh2 f5 16. b4 f4 17. gxf4 Bxd4 18. Bxd4 Ne6 19. Qd2 Nexf4 20. Ne2 Nxh3 21. Bxh3
Qh4 22. Ng1 Qg3+ 23. Kh1 Bxh3 24. Re2 Be6 25. Rc1 Rf8 26. Bf2 Qe5 27. Bd4 Qf4
28. Be3 Qe5 29. Bd4 Qf4 30. Be3 Qe5 1/2-1/2

[Event "HUN-ch"]
[Site "Hungary"]
[Date "1993.??.??"]
[Round "6"]
[White "Csom, Istvan"]
[Black "Adorjan, Andras"]
[Result "0-1"]
[WhiteElo "2475"]
[BlackElo "2545"]
[PlyCount "62"]
[EventDate "1993.10.??"]
[EventType "tourn"]
[EventRounds "11"]
[EventCountry "HUN"]
[EventCategory "11"]
[Source "ChessBase"]
[SourceDate "1994.03.01"]
[WhiteTeamCountry "RUS"]
[BlackTeamCountry "HUN"]

1. c4 c5 2. g3 g6 3. Bg2 Bg7 4. Nc3 Nc6 5. Nf3 e6 6. O-O Nge7 7. d3 O-O 8. Rb1
b6 9. Bd2 Bb7 10. a3 d5 11. cxd5 exd5 12. b4 cxb4 13. axb4 d4 14. Na4 Nd5 15.
Qb3 Re8 16. Ng5 Ne5 17. b5 Qd7 18. Ne4 Rad8 19. Bg5 Rc8 20. Rfc1 Kh8 21. Bd2
Ba8 22. Ng5 h6 23. Nf3 Nxf3+ 24. Bxf3 Bb7 25. Rc4 Kg8 26. Rbc1 Nc3 27. Nxc3
Bxf3 28. Rxc8 Rxc8 29. Ne4 Rxc1+ 30. Bxc1 Bxe2 31. Bxh6 Qh3 0-1

[Event "HUN-ch"]
[Site "Hungary"]
[Date "1993.??.??"]
[Round "7"]
[White "Adorjan, Andras"]
[Black "Kallai, Gabor"]
[Result "1-0"]
[WhiteElo "2545"]
[BlackElo "2460"]
[PlyCount "37"]
[EventDate "1993.10.??"]
[EventType "tourn"]
[EventRounds "11"]
[EventCountry "HUN"]
[EventCategory "11"]
[Source "ChessBase"]
[SourceDate "1994.03.01"]
[WhiteTeamCountry "RUS"]
[BlackTeamCountry "HUN"]

1. c4 f5 2. g3 Nf6 3. d4 g6 4. Bg2 Bg7 5. Nc3 O-O 6. Nf3 d6 7. O-O c6 8. d5 e5
9. dxe6 Qe7 10. Bf4 Rd8 11. Nd4 Bxe6 12. Nxe6 Qxe6 13. Qb3 Qf7 14. Rad1 Bf8 15.
e4 Nxe4 16. Bxe4 fxe4 17. Nxe4 b5 18. Bxd6 Nd7 19. Ng5 1-0

[Event "HUN-ch"]
[Site "Hungary"]
[Date "1993.??.??"]
[Round "8"]
[White "Horvath, Jozsef"]
[Black "Adorjan, Andras"]
[Result "0-1"]
[WhiteElo "2545"]
[BlackElo "2545"]
[PlyCount "52"]
[EventDate "1993.10.??"]
[EventType "tourn"]
[EventRounds "11"]
[EventCountry "HUN"]
[EventCategory "11"]
[Source "ChessBase"]
[SourceDate "1994.03.01"]
[WhiteTeamCountry "RUS"]
[BlackTeamCountry "HUN"]

1. d4 Nf6 2. c4 g6 3. Nf3 Bg7 4. g3 c5 5. Bg2 Nc6 6. d5 Na5 7. Qc2 d6 8. Nc3 a6
9. Nd2 Rb8 10. b3 b5 11. Bb2 O-O 12. O-O Bh6 13. f4 bxc4 14. bxc4 e5 15. Rab1
exf4 16. gxf4 Re8 17. Nce4 Nxe4 18. Bxe4 Bxf4 19. Nf3 Bh3 20. Rfe1 Qd7 21. Kh1
Bg4 22. Qc3 Bxf3+ 23. Bxf3 Be5 24. Qxa5 Bxb2 25. Qxa6 Be5 26. Rxb8 Rxb8 0-1

[Event "HUN-ch"]
[Site "Hungary"]
[Date "1993.??.??"]
[Round "9"]
[White "Adorjan, Andras"]
[Black "Tolnai, Tibor"]
[Result "1/2-1/2"]
[WhiteElo "2545"]
[BlackElo "2490"]
[PlyCount "24"]
[EventDate "1993.10.??"]
[EventType "tourn"]
[EventRounds "11"]
[EventCountry "HUN"]
[EventCategory "11"]
[Source "ChessBase"]
[SourceDate "1994.03.01"]
[WhiteTeamCountry "RUS"]
[BlackTeamCountry "HUN"]

1. Nf3 Nf6 2. c4 g6 3. g3 Bg7 4. Bg2 O-O 5. O-O d6 6. d4 Nc6 7. Nc3 e5 8. dxe5
Nxe5 9. Nxe5 dxe5 10. Qxd8 Rxd8 11. Bg5 Rd4 12. b3 c6 1/2-1/2

[Event "HUN-ch"]
[Site "Hungary"]
[Date "1993.??.??"]
[Round "10"]
[White "Sax, Gyula"]
[Black "Adorjan, Andras"]
[Result "1/2-1/2"]
[WhiteElo "2515"]
[BlackElo "2545"]
[PlyCount "32"]
[EventDate "1993.10.??"]
[EventType "tourn"]
[EventRounds "11"]
[EventCountry "HUN"]
[EventCategory "11"]
[Source "ChessBase"]
[SourceDate "1994.03.01"]
[WhiteTeamCountry "RUS"]
[BlackTeamCountry "HUN"]

1. e4 c6 2. d4 d5 3. Nc3 dxe4 4. Nxe4 Nd7 5. Bc4 Ngf6 6. Ng5 e6 7. Qe2 Nb6 8.
Bb3 h6 9. N5f3 c5 10. Be3 Nbd5 11. O-O-O Qc7 12. Kb1 a6 13. c4 Nxe3 14. fxe3
Be7 15. Ne5 O-O 16. Ngf3 b5 1/2-1/2

[Event "HUN-ch"]
[Site "Hungary"]
[Date "1993.??.??"]
[Round "11"]
[White "Adorjan, Andras"]
[Black "Petran, Pal"]
[Result "1/2-1/2"]
[WhiteElo "2545"]
[BlackElo "2440"]
[PlyCount "27"]
[EventDate "1993.10.??"]
[EventType "tourn"]
[EventRounds "11"]
[EventCountry "HUN"]
[EventCategory "11"]
[Source "ChessBase"]
[SourceDate "1994.03.01"]
[WhiteTeamCountry "RUS"]
[BlackTeamCountry "HUN"]

1. d4 Nf6 2. c4 e6 3. Nf3 b6 4. g3 Bb7 5. Bg2 Be7 6. O-O O-O 7. Nc3 Ne4 8. Qc2
Nxc3 9. Qxc3 c5 10. Rd1 d6 11. b3 Nd7 12. Bb2 Bf6 13. Qc2 Qc7 14. Rd2 1/2-1/2

[Event "Alushta4"]
[Site "Alushta"]
[Date "1994.??.??"]
[Round "2"]
[White "Adorjan, Andras"]
[Black "Sveshnikov, Evgeny"]
[Result "1/2-1/2"]
[WhiteElo "2565"]
[BlackElo "2585"]
[PlyCount "27"]
[EventDate "1994.??.??"]
[EventType "tourn"]
[EventRounds "9"]
[EventCountry "UKR"]
[EventCategory "13"]
[Source "ChessBase"]
[SourceDate "1994.10.01"]
[WhiteTeamCountry "RUS"]
[BlackTeamCountry "HUN"]

1. e4 c5 2. Nc3 Nc6 3. Nge2 e5 4. Nd5 Nce7 5. Nec3 Nxd5 6. Nxd5 Nf6 7. Bc4 Be7
8. O-O d6 9. d3 O-O 10. f4 Nxd5 11. Bxd5 exf4 12. Bxf4 Be6 13. Bxe6 fxe6 14.
Qg4 1/2-1/2

[Event "Alushta4"]
[Site "Alushta"]
[Date "1994.??.??"]
[Round "4"]
[White "Adorjan, Andras"]
[Black "Golubev, Mikhail"]
[Result "0-1"]
[WhiteElo "2565"]
[BlackElo "2560"]
[PlyCount "56"]
[EventDate "1994.??.??"]
[EventType "tourn"]
[EventRounds "9"]
[EventCountry "UKR"]
[EventCategory "13"]
[Source "ChessBase"]
[SourceDate "1994.10.01"]
[WhiteTeamCountry "RUS"]
[BlackTeamCountry "HUN"]

1. Nf3 Nf6 2. c4 d6 3. d4 g6 4. g3 Bg7 5. Bg2 O-O 6. O-O Nbd7 7. Nc3 e5 8. h3
Re8 9. e4 exd4 10. Nxd4 a6 11. Be3 Rb8 12. a4 Ne5 13. b3 Bd7 14. a5 Qc8 15. Kh2
h5 16. Nd5 h4 17. gxh4 Nxd5 18. cxd5 c5 19. dxc6 bxc6 20. Ne2 c5 21. Nf4 Qd8
22. h5 g5 23. Nd5 g4 24. h6 Bh8 25. Rh1 Qh4 26. Qd2 Rxb3 27. h7+ Qxh7 28. Bg5
Rxh3+ 0-1

[Event "Alushta4"]
[Site "Alushta"]
[Date "1994.??.??"]
[Round "6"]
[White "Dreev, Alexey"]
[Black "Adorjan, Andras"]
[Result "0-1"]
[WhiteElo "2645"]
[BlackElo "2565"]
[Annotator "Hansen,Cu"]
[PlyCount "82"]
[EventDate "1994.??.??"]
[EventType "tourn"]
[EventRounds "9"]
[EventCountry "UKR"]
[EventCategory "13"]
[Source "ChessBase"]
[SourceDate "1994.10.01"]
[WhiteTeamCountry "RUS"]
[BlackTeamCountry "HUN"]

1. d4 {Ftacnik} Nf6 2. c4 g6 3. Nc3 d5 4. cxd5 Nxd5 5. e4 Nxc3 6. bxc3 Bg7 7.
Bc4 O-O 8. Ne2 b6 9. h4 Nc6 10. h5 (10. Bd5 $1 Qd7 (10... Bb7 11. h5 e6 12. Bb3
Na5 13. hxg6 hxg6 14. Qd3 Nxb3 15. axb3 e5 16. Qh3 f6 17. d5 Qc8 18. Qh7+ Kf7
19. Bh6 Rg8 20. f4 $16 {Petran,P-Krnic,Z/Beograd/1977/}) (10... Bd7 11. h5 e6
12. Bb3 Na5 13. e5 c5 14. Qd3 Nxb3 15. axb3 cxd4 16. cxd4 f5 17. hxg6 hxg6 18.
Nf4 g5 19. Ng6 Bc6 20. Qh3 Qxd4 21. Ne7+ Kf7 22. Qh5+ Kxe7 23. Ba3+ Kd7 24. Rd1
Qxd1+ 25. Qxd1+ Bd5 26. Rh7 {1-0/Tarjan,J-Strauss,D/USA/1978/}) 11. h5 (11. Ba3
Rd8 12. h5 e6 13. Bb3 Ba6 14. hxg6 hxg6 15. Nf4 Nxd4 16. cxd4 Bxd4 $44 {
Petran,P-Kosa,L/Ungarn/1978/}) 11... e6 (11... Ba6 12. hxg6 hxg6 13. Nf4 e6 14.
Qg4 Rfd8 15. Bxe6 fxe6 16. Qxg6 Bc4 17. Qh7+ Kf7 18. Nh5 Rg8 19. Rh3 Raf8 20.
Nxg7 Rh8 21. Rf3+ Ke7 22. Ba3+ Nb4 23. Bxb4+ c5 24. dxc5 Rxh7 25. cxb6+ {
1-0/Spassky,B-Timman,J/Amsterdam/1977/}) 12. Bb3 e5 (12... Ba6 13. hxg6 hxg6
14. Nf4 Rfd8 $2 15. Nxe6 $1 fxe6 16. Qg4 $18 {
Cramling,P-Kindermann,S/Hamburg SKA/1991/}) 13. hxg6 hxg6 14. Bh6 Bxh6 15. Rxh6
Kg7 16. Qd2 Ba6 17. Ng3 $14 {Finegold,B-De Boer,GJ/Wijk-B/1992/}) 10... Na5 11.
Bd3 e5 (11... c5 12. Be3 cxd4 13. cxd4 Nc6 14. hxg6 hxg6 15. Qd2 Qd6 16. Rc1
Bb7 17. Bh6 Nxd4 18. Bxg7 Kxg7 19. Qh6+ Kf6 20. Qh4+ Kg7 21. Qh6+ Kf6 22. f4
Qb4+ 23. Kf2 Nxe2 24. Qg5+ Kg7 25. Qh6+ Kf6 {0,5/Hort,V-Miles,A/Teeside/1975/})
12. Be3 (12. hxg6 fxg6 (12... hxg6 13. Bh6 f6 14. Qd2 Qe7 15. O-O-O Be6 16. d5
Bd7 17. Rh2 $16 {Petrosian,T-Stean,M/Moskva/1975/}) 13. Be3 exd4 (13... Qe7 14.
Rc1 c6 15. f4 exf4 16. Nxf4 (16. Bxf4 {Ftacnik} Be6 17. c4 $6 Bg4 $1) 16... Bf5
$15 {Tarjan,J-Adorjan,A/Hastings/1976/}) 14. cxd4 c5 15. d5 Bxa1 16. Qxa1 Nc6
17. a3 Qd6 18. f4 $16 {Timman,J-Adorjan,A/London/1975/}) 12... Qe7 (12... c6
13. Qd2 Re8 14. Rd1 Be6 $13 {Ree,H-Sax,G/Vraca/1975/}) 13. Qd2 (13. Rc1 c6 14.
Qd2 Be6 15. hxg6 fxg6 16. O-O Nc4 $132 {Marin,M-Kindermann,S/EU-chT Haifa/1989/
}) (13. d5 {Ftacnik} c6 14. c4 $140 Nxc4 $1 15. Bxc4 Qb4+) 13... exd4 14. cxd4
(14. Bxd4 {Ftacnik} Bb7 15. Bxg7 (15. O-O-O Rad8 16. Bxg7 Kxg7 17. hxg6 fxg6
18. Qh6+ Kg8 19. Nf4 Rf7 20. Nxg6 $2 Qa3+ 21. Kb1 Nc4 22. Qc1 Rxd3 $1 23. Rxd3
Bxe4 $19) 15... Kxg7 16. Qe3 Rae8 17. hxg6 fxg6 18. f3 $13) 14... Bb7 (14... c5
{Ftacnik} 15. Bh6 cxd4 16. Bxg7 Kxg7 17. Rc1 Bb7 18. hxg6 fxg6 19. Qh6+ Kg8 20.
e5 $40) 15. e5 (15. hxg6 {Ftacnik} fxg6 16. Bh6 c5 17. Bxg7 Qxg7 $1) (15. Bh6 {
Ftacnik} Bxh6 16. Qxh6 Bxe4 17. Bxe4 Qxe4 18. hxg6 Qxg6 $1 $17) 15... Bxg2 16.
Rg1 Bf3 17. Ng3 Qd7 {/\ Rad8, c7-c5 -/+} (17... f5 18. Nxf5 Rxf5 19. Bxf5 Bxh5
(19... Nc4 $1 {Ftacnik} 20. Bg5 $1 Qf7 21. Qd3 Bxh5 22. Be4 Rf8 23. Rg2 $16)
20. Be4 Rf8 21. Rc1 $16 {Timman,J-Adorjan,A/Skopje/1976/}) (17... Qh4 {Ftacnik}
18. Nf5 Qxh5 19. Bh6 (19. Nxg7 Kxg7 20. Qc3 c6 $17) 19... Bxh6 20. Nxh6+ Kg7
21. Nf5+ Kh8 22. Qf4 gxf5 23. Rg5 Qh1+ 24. Kd2 Qxa1 25. Qxf5 Nc4+ 26. Bxc4
Qxd4+ 27. Bd3 Qxf2+ $10) 18. Nf5 (18. Rc1 {Ftacnik} c5 19. dxc5 (19. Nf5 cxd4
20. Bh6 Bxe5 21. Bxf8 Rxf8 $17) 19... Bxe5 20. Be2 Qb7 $17) 18... Nc4 $1 (18...
gxf5 $4 19. h6 $16 (19. Rxg7+ Kxg7 20. Bh6+ Kh8 21. Bg7+ Kxg7 (21... Kg8 22.
Qg5 f6 23. Bxf6+ Kf7 24. Bxf5 $16) 22. Qg5+ Kh8 23. Qf6+ Kg8 24. h6 $18)) (
18... Bxh5 19. Nxg7 Kxg7 20. Bh6+ Kg8 21. Bxf8 Rxf8 $44) 19. Bxc4 (19. Qc3 Nxe3
$19 {/\ Bh5}) (19. Qc1 {Ftacnik} Nxe5 20. Bc2 Qb5 $19) 19... Qxf5 $17 20. hxg6
hxg6 21. Rg5 (21. Bh6 Rad8 $17) 21... Qh3 (21... Qe4 $5 {Ftacnik} 22. Rc1 c5
23. Bd3 Qh4 $17 24. dxc5 $140 Rad8) 22. Qc3 {/\ Rg6} (22. Rxg6 $2 Qh1+ 23. Bf1
fxg6 $19) 22... Bh5 23. Rg3 Qh4 (23... Qh2 $1 {Ftacnik} 24. Bd5 c5 $1 25. Bxa8
Rxa8 26. dxc5 $140 Rd8 27. Kf1 Qh1+ 28. Rg1 Qh3+ 29. Ke1 Qh2 30. Kf1 Bxe5 $19)
24. Bd5 c5 (24... Rad8 25. Bg5 $16) 25. Bg5 (25. Bxa8 Rxa8 {><Ke1} (25... Rxa8
{Ftacnik} 26. Bg5 Qh1+ 27. Kd2 Qd5 $40)) 25... Qh2 (25... Qxd4 {Ftacnik} 26.
Qxd4 cxd4 27. Bxa8 Rxa8 28. f4 $13) (25... cxd4 {Ftacnik} 26. Bxh4 dxc3 27.
Bxa8 Rxa8 28. f4 $13) 26. Rg2 (26. Bxa8 {Ftacnik} Rxa8 $19) 26... Qh1+ 27. Kd2
cxd4 28. Rxh1 (28. Qxd4 Qh3 29. Bxa8 Rxa8 30. Rg3 Qe6 $17 {><Kd2}) 28... dxc3+
29. Kc2 {/\ Rh5} (29. Kxc3 {Ftacnik} Rad8 $5 (29... Rac8+ 30. Kd4 $1 Be2 31. f4
(31. Bf6 Rc5 32. Rgh2 (32. Rxg6 $2 Rxd5+ $19) 32... Rxd5+ 33. Kxd5 Bf3+ 34. Kd4
Bxf6 35. exf6 Bxh1 36. Rxh1 Rd8+ 37. Ke5 Re8+ 38. Kf4 Re6 $19) 31... Ba6 32.
Rgh2 Rc5 33. Bb3 Bb7 34. Rg1 Rfc8 $15) 30. Bxd8 Rxd8 31. Rxh5 Rxd5 32. Rhg5
Bxe5+ 33. Kc2 Rc5+ 34. Kd3 Kg7 $15) 29... Rad8 30. Bxd8 (30. Be4 Rd4 $19) 30...
Rxd8 31. Be4 Rd4 32. Bb7 (32. f3 Rxe4 33. fxe4 Bf3 34. Rgh2 (34. Rhg1 {Ftacnik}
Bxe4+ 35. Kxc3 Bxe5+ 36. Kc4 Bxg2 37. Rxg2 Kg7 $19) 34... Bxh1 35. Rxh1 Bxe5
$19) 32... Rd2+ $6 (32... Bg4 $17) (32... Bg4 $1 {Ftacnik} 33. Re1 Rc4 34. Rxg4
Rxg4 35. Kxc3 Rf4 36. Re2 b5 $15) 33. Kxc3 Rxa2 34. f4 Ra4 35. Rh4 $4 (35. Rf1
$15) (35. Rf1 {Ftacnik} b5 36. Bd5 a5 37. Ra2 $1 $13) 35... Bxe5+ $19 36. Kb3
Bd1+ 37. Rc2 Rxf4 38. Rhh2 Rd4 39. Rh1 Bxc2+ 40. Kxc2 Ra4 41. Bc6 Ra2+ 0-1

[Event "Alushta4"]
[Site "Alushta"]
[Date "1994.??.??"]
[Round "7"]
[White "Adorjan, Andras"]
[Black "Morozevich, Alexander"]
[Result "0-1"]
[WhiteElo "2565"]
[BlackElo "2590"]
[Annotator "Hecht"]
[PlyCount "92"]
[EventDate "1994.??.??"]
[EventType "tourn"]
[EventRounds "9"]
[EventCountry "UKR"]
[EventCategory "13"]
[Source "ChessBase"]
[SourceDate "1994.10.01"]
[WhiteTeamCountry "RUS"]
[BlackTeamCountry "HUN"]

1. Nf3 Nc6 2. d4 d5 3. Bf4 Bg4 4. e3 e6 5. Nbd2 Bd6 6. Bxd6 cxd6 7. Be2 Nge7 8.
O-O O-O 9. h3 Bxf3 10. Bxf3 b5 11. c3 Rb8 12. a4 bxa4 13. Qc2 e5 14. Rxa4 a5
15. e4 dxe4 16. Bxe4 f5 17. Bxc6 Nxc6 18. dxe5 dxe5 19. Nc4 e4 20. Qd1 Qf6 21.
Qd5+ Kh8 22. Rd1 h6 23. Qc5 Rfd8 24. Rd6 Rxd6 25. Nxd6 Ne7 26. Rxa5 Rxb2 27.
Nxf5 e3 28. Qxe7 Qxe7 29. Nxe7 Rb1+ 30. Kh2 exf2 31. Rf5 f1=Q 32. Rxf1 Rxf1 33.
Kg3 Rd1 34. Ng6+ Kh7 35. Ne5 Rf1 36. c4 g6 37. h4 Kg7 38. Ng4 h5 39. Ne3 Rh1
40. Nd5 Kf7 41. Ne3 Ke6 42. Kf4 Rxh4+ 43. g4 (43. Kg5 Re4 44. Nd5 Rxc4 45. Nf4+
Kf7 46. Nxg6 Rg4+ $19) 43... Rh1 44. gxh5 Rxh5 45. Kg4 Ke5 46. c5 Ke6 0-1